000 00560nam a2200229Ia 4500
003 OSt
005 20220926042938.0
006 a|||||r|||| 00| 0
007 ta
008 220923b |||||||| |||| 00| 0 eng d
037 _cGeneral Book
040 _aRTL
_cRTL
_beng
041 _2eng
_aeng
082 _aS4, K2
100 _aHerzberg Frederick
_9139021
245 0 _aMotivation to work
250 _a2
260 _c1962
650 _aVocational Psychology
942 _hS4, K2
_cGB
_2CC
999 _c670993
_d670993